| 000 | 01443nam a22004337a 4500 | ||
|---|---|---|---|
| 001 | 358 | ||
| 003 | FISKH | ||
| 005 | 20230329102438.0 | ||
| 008 | 230329b cb ||||| |||| 00| 0 eng d | ||
| 020 | _a9781534402911 | ||
| 040 |
_aDLC _beng _cDLC _erda _dDLC _dFISKH |
||
| 042 |
_alcac _apcc |
||
| 050 | 0 | 0 |
_aPZ7.A6455 _bMay 2016 |
| 082 | 0 | 0 |
_a813.6 _223 |
| 100 | 1 |
_aAppelt, Kathi, _d1954- _eauthor. |
|
| 245 | 1 | 0 |
_aMaybe a fox / _cKathi Appelt and Alison McGhee. |
| 250 | _aFirst Edition. | ||
| 264 | 1 |
_aNew York : _bAtheneum Books for Young Readers, _c2016. |
|
| 300 |
_a262 pages ; _c20 cm |
||
| 336 |
_atext _2rdacontent |
||
| 337 |
_aunmediated _2rdamedia |
||
| 338 |
_avolume _2rdacarrier |
||
| 500 | _a"A Caitlyn Dlouhy book." | ||
| 500 | _a"A Junior Library Guild selection"--Jacket flap. | ||
| 505 | _aN | ||
| 520 | _aAn otherworldly fox is born to help eleven-year-old Jules, who is grieving over the death of her sister. | ||
| 521 | 1 |
_a740
_bLexile |
|
| 521 | 1 |
_aN
_bRaz-Plus |
|
| 650 | 1 |
_aSisters _vFiction. |
|
| 650 | 1 |
_aGrief _vFiction. |
|
| 650 | 1 |
_aFoxes _vFiction. |
|
| 650 | 1 |
_aSupernatural _vFiction. |
|
| 650 | 7 |
_aJUVENILE FICTION / Family / Siblings. _2bisacsh |
|
| 650 | 7 |
_aJUVENILE FICTION / Animals / Foxes. _2bisacsh |
|
| 650 | 7 |
_aJUVENILE FICTION / Fantasy & Magic. _2bisacsh |
|
| 700 | 1 |
_aMcGhee, Alison, _d1960- _eauthor. |
|
| 906 |
_a7 _bcbc _corignew _d1 _eecip _f20 _gy-gencatlg |
||
| 942 |
_2ddc _cBK _n0 |
||
| 999 |
_c358 _d358 |
||